000 00796nam a2200289Ia 4500
001 Para_9523
003 CHAP
008 220125s2002 xx 000 0 und d
010 _a208197
040 _cCHAP
082 _a632.58 G7
100 _aGressel, Jonathan
_950641
245 _aMolecular biology of weed control /
_c by Jonathan Gressel
260 _aNew York :
_b Taylor and Francis
300 _a504 p.
503 _aI.241338 (ej.1)
650 _aMalas hierbas
_x biología
_9172135
650 _aMalas hierbas
_x control
_970011
650 _aMalas hierbas
_x investigación
_970021
901 _a632.58 G7
902 _aM
905 _a0000002002 amn 0000000000 00
910 _a2002
942 _cPARA
942 _cPARA
_d1
999 _c208197
_d208197